| 000 | 00550nam a2200181 a 4500 | ||
|---|---|---|---|
| 005 | 20260421125950.0 | ||
| 008 | 260221s2026##################000#0#eng## | ||
| 020 |
_a9790849331748 _qpbk |
||
| 082 | 0 | 4 | _a338.4762 PEC |
| 100 | _aPecht,Michael,...[et.al.] | ||
| 245 | 1 | 0 |
_aThe chinese electronic industry _c/Michael Pecht...[et.al.] |
| 250 | _a1st ed. | ||
| 260 |
_aNew York: _bCRC Press, _c1999. |
||
| 300 |
_a173p. _c;23cm. |
||
| 490 | _aThe electronic industry research series | ||
| 650 | _aProduction of electronic equipment | ||
| 942 | _cENGLISH | ||
| 999 |
_c615203 _d615203 |
||